=LDR 00000nam 2200000 4500 =001 INLIS000000000033387 =005 20200218015629 =035 ##$$a 0010-061300000033387 =008 200218################g##########0#ind## =041 ##$$a Ind =082 ##$$a 177 =090 ##$$a 177, Dom S1 =100 ##$$a Dom, Susane =245 1#$$a Sekolah Mencari Suami, /$c Susane Dom =260 ##$$a Jakarta :$b Bumi Aksara,$c 2010 =300 ##$$a xi, 138 hlm, ; $c 21 x 15 cm. =650 #4$$a Sekolah Mencari Suami =850 ##$$a NBPNMAT =020 ##$$a 978-979-010-570-6 =084 ##$$a 177 Dom s =250 ##$$a Ed. I .Cet.1 =990 ##$$a 21003535 =990 ##$$a 21003534 =990 ##$$a 21003533